000 00470nam a2200157 i 4500
001 41518
003 ES-MaACL
005 20230906160439.0
007 t|
008 030311s1875 sp ||||1| spa d
100 1 _aCaso, José Indalecio.
_936324
245 1 3 _aLa cuestión Cabrera /
_cpor José Indalecio Caso.
260 _aMadrid :
_b[s.n.,
_c1875] (
_fG. Estrada)
300 _a246 p., XCV p. ;
_c18 cm.
852 _aES-MaACL
_jD-868
_q. - Encuadernado con otras obras
999 _c41518
_d41518